Jalkapallon maailmanmestaruuskilpailujen järjestäjämaat - Statistics

Yleistilastot
  • Tätä visaa on pelattu 1 809 kertaa
  • Keskiarvotulos 17 / 20
Vastaustilastot
Vuodet Järjestäjämaa % Oikein
1950, 2014 Brasilia
98%
1974 Länsi-Saksa
97%
1938, 1998 Ranska
97%
2006 Saksa
97%
1994, 2026 Yhdysvallat
97%
2018 Venäjä
96%
1934, 1990 Italia
92%
2026 Kanada
92%
1970, 1986, 2026 Meksiko
92%
1978 Argentiina
90%
1982 Espanja
89%
1966 Englanti
87%
2022 Qatar
87%
2002 Japani
86%
2010 Etelä-Afrikka
83%
2002 Etelä-Korea
78%
1958 Ruotsi
75%
1930 Uruguay
74%
1962 Chile
54%
1954 Sveitsi
41%
Ehtoja vastaavia visoja ei löytynyt
Tulosjakauma
Jokaisen tuloksen saaneiden osuus
Persentiili vastausten määrän mukaan
Tuloshistoriasi
Et ole pelannut tätä visaa